15 państw z najgorszymi ligami w Europie - Statystyki

Ogólne statystyki
  • Ten quiz został rozwiązany 65 razy
  • Średni wynik to 12 z 15
Statystyki odpowiedzi
Miejsce Państwo % Poprawnych
45. Estonia
95%
53. Andora
92%
55. San Marino
92%
44. Liechtenstein
89%
43. Litwa
87%
47. Czarnogóra
85%
48. Luksemburg
85%
51. Macedonia
82%
52. Białoruś
81%
41. Malta
81%
46. Albania
74%
42. Irlandia Północna
63%
49. Walia
56%
50. Gruzja
55%
54. Gibraltar
42%
Nie znaleziono quizów pasujących do podanych kryteriów
Rozkład punktacji
Procent ludzi z każdym wynikiem
Percentyl według liczby udzielonych odpowiedzi
Twoja historia wyników
Nie rozwiązałeś tego quizu